000 00559nam a2200145 4500
082 _aMSEE-5 FAI
100 _aMuhammad Faisal Kaukab
245 _aAnalysis and design of power amplifier for communications at Ku Band
260 _a(Islamabad)
_bNUST-SEECS
_c2017
300 _a88p.
856 _uhttp://10.250.8.41:8080/xmlui/handle/123456789/20312
942 _2ddc
_cTHE
999 _c342392
_d342392